000
00320nam a2200133Ia 4500
008
200103s9999||||xx |||||||||||||| ||und||
040
_a
IMU-MPC
082
_a
Column-5
100
_a
Cockcroft, A.N.
245
2
_a
A guide to the collision rules
260
_b
Kandy pPublications Ltd.
_c
1965
300
_a
128
942
_c
BK
999
_c
3457
_d
3457